| 000 | 01836nam a22004577a 4500 | ||
|---|---|---|---|
| 003 | CHAP | ||
| 005 | 20220817041328.0 | ||
| 008 | 971013s1986 r 00010 d | ||
| 010 | _a11378 | ||
| 011 | _a12350 | ||
| 035 | _a15444 | ||
| 040 | _cCHAP | ||
| 082 |
_a633.577 _bM3 |
||
| 100 | 0 | 0 |
_aMacossay Vallado, Mauricio. _969539 |
| 245 | 1 |
_aTelchac pueblo _b: una comunidad henequenera |
|
| 260 |
_aChapingo, Méx. : _bUACH. Subdirección de Centros Regionales, _c1986 |
||
| 300 | _a178 p. | ||
| 490 |
_aColección cuadernos universitarios Serie agronomía _v; 14 |
||
| 590 |
_aBATCH-UPD _b10 _c20130110 _lUCH01 _h0156 |
||
| 590 |
_aBATCH-UPD _b10 _c20130110 _lUCH01 _h1102 |
||
| 590 |
_aBATCH-UPD _b10 _c20130409 _lUCH01 _h2158 |
||
| 590 |
_aBATCH-UPD _b10 _c20130410 _lUCH01 _h0655 |
||
| 590 |
_aBATCH-UPD _b10 _c20130914 _lUCH01 _h0036 |
||
| 590 |
_aBATCH-UPD _b10 _c20130914 _lUCH01 _h1737 |
||
| 590 |
_aCONVERSION _b10 _c20130109 _lUCH01 _h1308 |
||
| 650 | 1 | 4 |
_aAgricultura _xYucatán. _91902 |
| 650 | 1 | 4 |
_aAgricultura _xYucatán. _91902 |
| 650 | 1 | 4 |
_aHenequén _xYucatán. _953592 |
| 650 | 1 | 4 |
_aYucatán _xCondiciones económicas. _9123315 |
| 650 | 1 | 4 |
_aYucatán _xCondiciones sociales. _9123317 |
| 700 | 0 |
_aCastillo B., María Eugenia. _920086 |
|
| 830 | 0 |
_aColección cuadernos universitarios Serie agronomía _v; 14 |
|
| 901 | _aBK | ||
| 942 | _cLIBRO | ||
| 949 |
_a633.577 M3 _bBC _cLIBRO _d-148741 _eLIBRO _fc.5 _h72775 _i15444 _si |
||
| 949 |
_a633.577 M3 _bBC _cLIBRO _d33724000195319 _eLIBRO _fc.3 _h72774 _i15444 _si |
||
| 949 |
_a633.577 M3 _bBC _cLIBRO _d33724000195327 _eLIBRO _fc.2 _h72773 _i15444 _si |
||
| 949 |
_a633.577 M3 _bBC _cLIBRO _d33724000195335 _eLIBRO _h72772 _i15444 _si |
||
| 949 |
_a633.577 M3 _bBC _cLIBRO _d33724000786216 _eLIBRO _fc.4 _h72774 _i15444 _si |
||
| 949 |
_a633.577 M3 _bBC _cUACH _d33724000195301 _eUACH _fc.11 _h79811 _i15444 _sb |
||
| 999 |
_c11378 _d11378 |
||